Statistiques concernant Mots cachés n°28

Cliquez ici pour prendre le quiz!

Statistiques générales

  • Ce quiz a été pris 84 fois
  • Le résultat moyen est 24 sur 25

Statistiques - réponses

QuestionTuileSelect% Correct
plein, très, câlin et fier.BNon
100%
plein, très, câlin et fier.CNon
100%
plein, très, câlin et fier.ONon
100%
plein, très, câlin et fier.ONon
100%
plein, très, câlin et fier.ONon
100%
plein, très, câlin et fier.ENon
99%
plein, très, câlin et fier.RNon
99%
plein, très, câlin et fier.UNon
99%
plein, très, câlin et fier.ONon
97%
plein, très, câlin et fier.SNon
97%
plein, très, câlin et fier.AOui
96%
plein, très, câlin et fier.IOui
95%
plein, très, câlin et fier.LOui
95%
plein, très, câlin et fier.NOui
95%
plein, très, câlin et fier.COui
93%
plein, très, câlin et fier.IOui
93%
plein, très, câlin et fier.LOui
93%
plein, très, câlin et fier.POui
93%
plein, très, câlin et fier.EOui
92%
plein, très, câlin et fier.FOui
92%
plein, très, câlin et fier.IOui
92%
plein, très, câlin et fier.ROui
92%
plein, très, câlin et fier.SOui
92%
plein, très, câlin et fier.TOui
92%
plein, très, câlin et fier.ROui
91%

Distribution des résultats

Percentile par nombre de réponses

% des personnes avec chaque résultat

Votre développement - résultats

Vous n’avez pas pris ce quiz